000 00396nam a2200157Ia 4500
008 210716s2011 xx 000 0 und d
020 _a9781107606258
041 _aeng
082 _a658.84 DAVA
100 _aDavidson, Alan.
245 _aLaw of electronic commerce.
250 _a1
260 _aNew Delhi
_bCambridge University Press
_c2011
300 _axxxvii,399
650 _aE-Commerce
999 _c208518
_d208518